=LDR 00000nam 2200000 4500 =001 INLIS000000000028994 =005 20130612131248 =008 ***********************************Ind** =035 ##$$0010-061300000028994 =041 ##$$a Ind =082 ##$$a 813.01 =090 ##$$a 813.01, Sit s =100 ##$$a Situmorang, Sitor =245 ##$$a Salju di Paris, Sitor Situmorang =260 ##$$a 1994 $b Jakarta =300 ##$$a ix, 102 hlm, 22 cm =650 ##$$a Cerpen - Paris =850 ##$$a NBPNMAT =990 ##$$a 0001/BPAP-NTB/2016